000 00721nam a22002057a 4500
999 _c7279
_d7279
003 AR-CdUCM
008 190320b ||||| |||| 00| 0 spa d
040 _aMUNICIPALIDAD PROVINCIAL DEL CUSCO
_cBIBLIOTECA MUNICIPAL DEL CUSCO
082 _a144 /
_bM63
100 _aMerani, Alberto L.
_920517
245 _aDe la praxis a la razón :
_bMano, cerebro, y lenguaje definición del hombre /
260 _aBarcelona :
_bGrijalbo,
_c1965.
300 _a166 páginas ;
_c21 cm.
505 _aContenido : Del acto motor a la praxis -- De la praxis a la gnosis -- Lenguaje, pensamiento y sociedad ...
650 _aPraxis
_920518
650 _aRazón
_920519
650 _aCerebro
_920024
942 _2ddc
_cLIBROS
945 _arah